Quizz Teenwolf S5A - Statistiques

Statistiques générales
  • Ce quiz a été pris 21 fois
  • Le résultat moyen est 7 sur 10
Statistiques - réponses
Question Réponse % Correct
Quel scientifique est lié aux médecins de l'horreur ? Dr Valack
95%
Qui est le nouvel antagoniste de la saison 5A ? Théo
95%
Qu'est Donovan ? Une Chimère
95%
Quelle créature est Théo ? Chimère
80%
Quelle meute se brise ? La Meute de Scott
80%
Que collectionne Théo ? Les Pouvoirs
75%
Qui le tue ? Stiles
60%
Quel est le symbole réccurent ? Spirale
55%
Qui perd confiance en Scott Liam
35%
Où opèrent les médécins de l'horreur ? Hopital
10%
Aucun quiz correspondant
Distribution des résultats
% des personnes avec chaque résultat
Percentile par nombre de réponses
Votre historique - résultats
Vous n’avez pas pris ce quiz